| 000 | 01274ngm a22003610a 4500 | ||
|---|---|---|---|
| 001 | PT41788 | ||
| 003 | AR-LpoUNG | ||
| 005 | 20210201235918.0 | ||
| 007 | vd cvaizq | ||
| 008 | 191001s2006||||ag |||||||||||||||||spa d | ||
| 037 | _c$10.50 | ||
| 040 |
_aAR-LpoUNG _bspa _cAR-LpoUNG _eaacr |
||
| 041 | _aspa | ||
| 044 | _aag | ||
| 082 | 0 | _a781.63 385int | |
| 100 | 1 | _aMartinez, Nuria | |
| 245 | 1 | 0 |
_aInteractiva : _bsonidos e imágenes de los Andes y toda latinoamérica... de otros tiempos... y de ahora |
| 260 |
_aBuenos Aires : _bChaya Comunicación Cooperativa, _c2006. |
||
| 300 | _aDVD (25 min.) : col., son. | ||
| 505 | 0 | _aRealizado durante los años 2005-2006. Percusión: Luciano Larocca y Fabián Tejada. Guitarra: Federico Beilinson. Quena, flauta, sicus: Nuria Martínez. Imágenes: Paulo Campano. Dibujos: Viviana Posincovich. Edición digital y animación: Chaya. Dibujos digitales: Semilla Bucciarelli. Danzas andinas: Ballet América Morena. | |
| 520 | _aEspectáculo multimedia. | ||
| 650 | 4 | _aAMERICA LATINA | |
| 650 | 4 | _aCULTURA POPULAR | |
| 650 | 4 | _aDANZA | |
| 650 | 4 | _aIDENTIDAD CULTURAL | |
| 650 | 4 | _aMUSICA | |
| 651 | 4 | _aArgentina | |
| 653 | _aDVD | ||
| 653 | _aMUSICAL | ||
| 653 | _aVIDEOS | ||
| 905 | _a41788 | ||
| 942 | _cDVD | ||
| 999 |
_c53765 _d53765 |
||